000 00232nam a2200097Ia 4500
082 _a920
245 0 _aMemoirs
100 _a KATHRADA, A M Cape Town, 2004
_923346
942 _cBK
008 210818s9999 xx 000 0 und d
999 _c431707
_d431707